| 000 | 00751nam a2200217Ia 4500 | ||
|---|---|---|---|
| 003 | GCL | ||
| 008 | 140319s9999 xx 000 0 ara d | ||
| 040 |
_aGCL / _cGCL |
||
| 082 | 0 | 4 |
_a833.03 _bش و |
| 100 | 1 | _aشيلر فردريك | |
| 245 | 1 | 0 |
_aوليم تلى اوقصةاستقلال سويسرا (هديه من عبدالفتاح الجمل) / _cشيلر فردريك |
| 700 | 1 | _aعباس ابوشوشة | |
| 700 | 1 | _aحسنين فرج زين الدين (ترجمة) | |
| 300 | _a187 | ||
| 490 |
_aكتاب _v0 |
||
| 650 | 0 | 4 | _aالادب الالمانى |
| 650 | 0 | 4 | _aالقصص الالمانية المترجمة |
| 650 | 0 | 4 | _aالادب الالمانى المترجم |
| 650 | 0 | 4 | _aالقصص الالمانية |
| 942 |
_2ddc _cBK |
||
| 999 |
_c41843 _d41843 |
||